Giáo trình thống kê kinh doanh

Đã lưu trong:
書目詳細資料
主要作者:  Nguyễn, Minh Tuấn
格式: Giáo trình
語言:Undetermined
出版: Đại học Công nghiệp TP. Hồ Chí Minh  2010
主題:
標簽: 添加標簽
沒有標簽, 成為第一個標記此記錄!
Thư viện lưu trữ: Trung tâm Thư viện - Trường Đại học Công nghiệp TP. Hồ Chí Minh
LEADER 00538nam a2200157Ia 4500
001 UIH_08102
008 231011s9999 xx 000 0 und d
082 |a  658.5 
100 |a  Nguyễn, Minh Tuấn 
245 0 |a  Giáo trình thống kê kinh doanh 
245 0 |c  Nguyễn, Minh Tuấn 
260 |b Đại học Công nghiệp TP. Hồ Chí Minh 
260 |c  2010 
650 |a  Kinh doanh;  
927 |a Giáo trình 
980 |a Trung tâm Thư viện - Trường Đại học Công nghiệp TP. Hồ Chí Minh